El conejo en el espejo y otros cuentos para niños / (Registro nro. 7264)

Detalles MARC
000 -LIDER
fixed length control field 01148nam a2200313 a 4500
001 - NÚMERO DE CONTROL
Identificador de número de control 000000135
003 - IDENTIFICACDOR DE NÚMERO DE CONTROL
control field DO-SdBNP
005 - DATE AND TIME OF LATEST TRANSACTION
control field 20210414102524.0
007 - CAMPOS FIJOS DE DESCRIPCIÓN FÍSICA
fixed length control field 000000135
008 - ELEMENTOS DE LONGITUD FIJA
fixed length control field 090130s2007 dr a 001 0 spa d
020 ## - ISBN
International Standard Book Number 9789945068405
040 ## - FUENTE DE CATALOGACIÓN
Agencia que crea de manera original el registro BPMSU
Idioma de catalogación spa
Agencia que realiza la transcripción BPMSU
082 #4 - NÚMERO DE CLASIFICACIÓN DECIMAL DE DEWEY
Classification number RD863.44
Item number P426c, 2007
092 ## - LOCALLY ASSIGNED DEWEY DECIMAL CALL NUMBER
Número de clasificación
100 1# - ASIENTO PRINCIPAL -- NOMBRE PERSONAL
Nombre personal Peralta Romero, Rafael,
Fechas asociadas con el nombre 1948-
245 13 - MENCIÓN DE TITULO
Título El conejo en el espejo y otros cuentos para niños /
Mención de responsabilidad Rafael Peralta Romero; ilustraciones Leonel Bello
250 ## - MENCIÓN DE EDICION
Mención de edición 2a ed.
260 ## - PUBLICACIÓN, DISTRIBUCIÓN, ETC. (PIE DE IMPRENTA)
Lugar de publicación, distribución, etc Santo Domingo :
Nombre del editor, distribuidor, etc. Santuario,
Fecha de publicación, distribución, etc 2007
300 ## - DESCRIPCIÓN FÍSICA
Extensión 59 p. :
Otros detalles físicos ils. ;
Dimensiones 21 cm.
500 ## - NOTA GENERAL
Materiales especificados Incluye datos biográficos del autor en la contracubierta
505 0# - NOTA DE CONTENIDO
Texto normalizado de contenido La niña que parecia de agua -- El día que Guillermo cambió su forma de ser -- El gatito que se fue -- De cómo Anomia perdió las palabras -- El origen del chocolate -- Apendíz de músico -- El conejo en el espejo.
590 ## - NOTA LOCAL
Enlace Inventariado, 2021/VM
650 #4 - ENCABEZAMIENTO DE MATERIA--TEMÁTICO
Término temático o nombre geográfico como elemento de entrada Cuentos infantiles dominicanos
650 #4 - ENCABEZAMIENTO DE MATERIA--TEMÁTICO
Término temático o nombre geográfico como elemento de entrada Literatura infantil dominicana
700 1# - ASIENTO SECUNDARIO -- NOMBRE PERSONAL
Nombre personal Bello, Leonel
Numeración ils.
910 ## - VALIDACIÓN
Validación VMateo
942 ## - ADDED ENTRY ELEMENTS (KOHA)
Source of classification or shelving scheme Dewey Decimal Classification
Koha item type Libros
945 ## - INFORMACIÓN DE PROCESAMIENTO LOCAL
Información de procesamiento local
Existencias
Withdrawn status Lost status Source of classification or shelving scheme Damaged status Not for loan Collection code Home library Current library Date acquired Source of acquisition Total Checkouts Full call number Barcode Date last seen Price effective from Koha item type Copy number
    Dewey Decimal Classification     Colección Infantil Dominicana Biblioteca Pública Metropolitana Salomé Ureña Biblioteca Pública Metropolitana Salomé Ureña 01/28/2015 Compra   BPMSU CID RD863.44 P426c, 2007 BPMSU15040857 01/28/2015 01/28/2015 Libros  
    Dewey Decimal Classification     Colección Infantil Dominicana Biblioteca Pública Metropolitana Salomé Ureña Biblioteca Pública Metropolitana Salomé Ureña 01/28/2015 Compra   BPMSU CIDRD863.44 P426c 2007 BPMSU15040858 01/28/2015 01/28/2015 Libros e. 2
    Dewey Decimal Classification     Colección Infantil Dominicana Biblioteca Pública Metropolitana Salomé Ureña Biblioteca Pública Metropolitana Salomé Ureña 10/16/2017 Compra   BPMSU CID RD863.44 P426c, 2007 BPMSU17100036 10/16/2017 10/16/2017 Libros e.3